<?xml version="1.0" encoding="UTF-8"?>
<collection xmlns="http://www.loc.gov/MARC21/slim">
 <record>
  <leader>01472nam a22002895a 4500</leader>
  <controlfield tag="001">CEM.cems015515</controlfield>
  <controlfield tag="008">130507s2013##################000#0#####d</controlfield>
  <controlfield tag="005">20240819184904.0</controlfield>
  <datafield tag="245" ind1="1" ind2="0">
   <subfield code="a">Buscalacranes /</subfield>
   <subfield code="c">Francisco Hinojosa ; ilustrado Por Rafael Barajas</subfield>
  </datafield>
  <datafield tag="260" ind1=" " ind2=" ">
   <subfield code="a">Buenos Aires :</subfield>
   <subfield code="b">Fondo de Cultura Económica,</subfield>
   <subfield code="c">2013</subfield>
  </datafield>
  <datafield tag="300" ind1=" " ind2=" ">
   <subfield code="a">96 p.</subfield>
  </datafield>
  <datafield tag="490" ind1="0" ind2=" ">
   <subfield code="a">A la orilla del viento</subfield>
  </datafield>
  <datafield tag="520" ind1=" " ind2=" ">
   <subfield code="a">&quot;¡Urgente! ¡Urgente! ¡Urgente! Se solicitan buscalacranes. Experiencia mínima de cinco años. Muy buena presentación. Indispensable que pesen más de cuarenta kilos&quot;. Leidi, Juliana y Sancho, mejor conocidos como Los Tres, no reunían ninguna de las condiciones, pero su experiencia como los mejores cazabichos los hizo responder al anuncio y ayudar al doctor Östengruff en la búsqueda de un contraveneno para la bampacrisis, y así evitar que hiciera ¡bamp!...y se esfumara.</subfield>
  </datafield>
  <datafield tag="020" ind1=" " ind2=" ">
   <subfield code="a">9789505579457</subfield>
  </datafield>
  <datafield tag="100" ind1="1" ind2=" ">
   <subfield code="a">Hinojosa, Francisco</subfield>
  </datafield>
  <datafield tag="700" ind1="1" ind2=" ">
   <subfield code="a">Barajas, Rafael; il.</subfield>
  </datafield>
  <datafield tag="082" ind1="0" ind2="4">
   <subfield code="a">M863.4</subfield>
  </datafield>
  <datafield tag="653" ind1=" " ind2=" ">
   <subfield code="a">Literatura</subfield>
  </datafield>
  <datafield tag="653" ind1=" " ind2=" ">
   <subfield code="a">Literatura mejicana</subfield>
  </datafield>
  <datafield tag="653" ind1=" " ind2=" ">
   <subfield code="a">Literatura mexicana</subfield>
  </datafield>
  <datafield tag="653" ind1=" " ind2=" ">
   <subfield code="a">Novela</subfield>
  </datafield>
  <datafield tag="653" ind1=" " ind2=" ">
   <subfield code="a">Novelas infantiles</subfield>
  </datafield>
  <datafield tag="653" ind1=" " ind2=" ">
   <subfield code="a">Cuentos infantiles</subfield>
  </datafield>
  <datafield tag="653" ind1=" " ind2=" ">
   <subfield code="a">Colección ciencias de la educación</subfield>
  </datafield>
  <datafield tag="859" ind1=" " ind2=" ">
   <subfield code="a">CEMS</subfield>
   <subfield code="b">BIB. CEMS - Ccias. Educacion</subfield>
   <subfield code="h">M863.4</subfield>
   <subfield code="i">H594</subfield>
   <subfield code="k">CE</subfield>
   <subfield code="p">28811.19</subfield>
   <subfield code="t">Ej.1</subfield>
  </datafield>
  <datafield tag="859" ind1=" " ind2=" ">
   <subfield code="a">CEMS</subfield>
   <subfield code="b">BIB. CEMS - Inicial y Primaria</subfield>
   <subfield code="h">M863.4</subfield>
   <subfield code="i">H594-1</subfield>
   <subfield code="k">IP</subfield>
   <subfield code="p">4042</subfield>
   <subfield code="t">Ej.1</subfield>
  </datafield>
  <datafield tag="859" ind1=" " ind2=" ">
   <subfield code="a">CEMS</subfield>
   <subfield code="b">BIB. CEMS - Inicial y Primaria</subfield>
   <subfield code="h">M863.4</subfield>
   <subfield code="i">H594-1</subfield>
   <subfield code="k">IP</subfield>
   <subfield code="p">5375</subfield>
   <subfield code="t">Ej.2</subfield>
  </datafield>
 </record>
</collection>
